| 000 | 00768nam a2200217 a 4500 | ||
|---|---|---|---|
| 001 | 000048550 | ||
| 005 | 20201002061231.0 | ||
| 008 | 190329s2016 dr a r 000 0 spa d | ||
| 040 |
_aDO-SdBNP _bspa _cBNPHU |
||
| 082 |
_axxxx _bG393m |
||
| 245 | 0 | 0 |
_aGestión migratoria, deportación y Derechos Humanos : / _cel desafío de aplicar estándares apegados al debido proceso. |
| 260 |
_aSanto Domingo : _bCentro Bonó, _c2016. |
||
| 300 |
_a45 p. : _bil. ; _c26 cm. |
||
| 490 | 1 | _aPublicaciones Bonó | |
| 490 | 1 | _aDerechos humanos | |
| 500 | _aIncluye referencias bibliográficas y notas al pie de las páginas | ||
| 504 | _aBibliografía : p. 44-45 | ||
| 590 | _aInventariado, 2019/BT | ||
| 830 | 0 |
_aPublicaciones Bonó _976017 |
|
| 830 | 0 |
_aDerechos humanos _972126 |
|
| 999 |
_c48038 _d48038 |
||